Коммуникативные игры на занятиях по русскому языку в условиях лингвистического вуза КНР; Коммуникативные аспекты языка и культуры; Ч. 1
| Parent link: | Коммуникативные аспекты языка и культуры: сборник материалов XIV Международной научно-практической конференции студентов и молодых ученых, г. Томск, 21-23 мая 2014 г./ Национальный исследовательский Томский политехнический университет (ТПУ), Институт международного образования и языковой коммуникации (ИМОЯК) ; под ред. С. А. Песоцкой.— , 2014 Ч. 1.— 2014.— [С. 137-142] |
|---|---|
| Κύριος συγγραφέας: | |
| Συγγραφή απο Οργανισμό/Αρχή: | |
| Άλλοι συγγραφείς: | |
| Περίληψη: | Заглавие с титульного экрана |
| Γλώσσα: | Ρωσικά |
| Έκδοση: |
2014
|
| Σειρά: | Теория и практика межкультурной коммуникации. Актуальные проблемы лингводидактики |
| Θέματα: | |
| Διαθέσιμο Online: | http://earchive.tpu.ru/handle/11683/21498 http://www.lib.tpu.ru/fulltext/c/2014/C77/V1/026.pdf |
| Μορφή: | Ηλεκτρονική πηγή Κεφάλαιο βιβλίου |
| KOHA link: | https://koha.lib.tpu.ru/cgi-bin/koha/opac-detail.pl?biblionumber=609807 |
MARC
| LEADER | 00000naa2a2200000 4500 | ||
|---|---|---|---|
| 001 | 609807 | ||
| 005 | 20260326111903.0 | ||
| 035 | |a (RuTPU)RU\TPU\conf\7341 | ||
| 035 | |a RU\TPU\conf\7339 | ||
| 090 | |a 609807 | ||
| 100 | |a 20141209d2014 k y0rusy50 ca | ||
| 101 | 0 | |a rus | |
| 102 | |a RU | ||
| 135 | |a drcn ---uucaa | ||
| 181 | 0 | |a i | |
| 182 | 0 | |a b | |
| 200 | 1 | |a Коммуникативные игры на занятиях по русскому языку в условиях лингвистического вуза КНР |f И. В. Салосина, И. А. Ишутина | |
| 203 | |a Текст |c электронный | ||
| 225 | 1 | |a Теория и практика межкультурной коммуникации. Актуальные проблемы лингводидактики | |
| 300 | |a Заглавие с титульного экрана | ||
| 320 | |a [Библиогр.: с. 142 (5 назв.)] | ||
| 337 | |a Adobe Reader | ||
| 461 | 1 | |0 (RuTPU)RU\TPU\conf\7313 |t Коммуникативные аспекты языка и культуры |o сборник материалов XIV Международной научно-практической конференции студентов и молодых ученых, г. Томск, 21-23 мая 2014 г. |o в 3 ч. |f Национальный исследовательский Томский политехнический университет (ТПУ), Институт международного образования и языковой коммуникации (ИМОЯК) ; под ред. С. А. Песоцкой |d 2014 | |
| 463 | 0 | |0 (RuTPU)RU\TPU\conf\7314 |t Ч. 1 |v [С. 137-142] |d 2014 | |
| 610 | 1 | |a труды учёных ТПУ | |
| 610 | 1 | |a электронный ресурс | |
| 610 | 1 | |a коммуникативные игры | |
| 610 | 1 | |a русский язык | |
| 610 | 1 | |a вузы | |
| 610 | 1 | |a КНР | |
| 610 | 1 | |a лингвисты | |
| 700 | 1 | |a Салосина |b И. В. |c лингвист |c доцент Томского политехнического университета, кандидат педагогических наук |f 1972- |g Ирина Викторовна |3 (RuTPU)RU\TPU\pers\32345 |9 16308 | |
| 701 | 1 | |a Ишутина |b И. А. | |
| 712 | 0 | 2 | |a Национальный исследовательский Томский политехнический университет |c (2009- ) |9 26305 |
| 801 | 2 | |a RU |b 63413507 |c 20210917 |g RCR | |
| 850 | |a 63413507 | ||
| 856 | 4 | |u http://earchive.tpu.ru/handle/11683/21498 | |
| 856 | 4 | |u http://www.lib.tpu.ru/fulltext/c/2014/C77/V1/026.pdf | |
| 942 | |c BK | ||